000 00289nam a22001337a 4500
008 181101b xxu||||| |||| 00| 0 eng d
020 _a071670269
041 _aeng
080 _24th
_a910
100 _a42
101 _aGJEO
245 _aPinciples of Geology
_cGilluly
942 _2udc
_cBK
999 _c51549
_d51549